000 00318 a2200157 4500
001 62765
020 _a
040 _cAnchieta - Pituba
100 _aCOSTA, Paula
240 1 0 _aIt´s all about blues
_lpor
245 1 0 _aIt´s all about blues
300 _a34
362 0 _a2016
650 4 _aMúsica
942 _cBK
999 _c62765
_d62765